Welcome to CU Library Online Public Access Catalogue (OPAC)

FULL LIFE; (Record no. 6659)

MARC details
000 -LEADER
fixed length control field 00327nam a2200109 4500
005 - DATE AND TIME OF LATEST TRANSACTION
control field 20250625082722.0
008 - FIXED-LENGTH DATA ELEMENTS--GENERAL INFORMATION
fixed length control field x
050 ## - LIBRARY OF CONGRESS CALL NUMBER
Classification number BS195
Item number NEW
245 ## - TITLE STATEMENT
Title FULL LIFE;
Remainder of title UNDERSTANDING THE FULLNESS OF LIFE IN CHRIST (A COMILATION OF ARTICLES FOR SPIRIT-FILLED CHRISTIAN)
Statement of responsibility, etc. EDITED BY DONALD C. STAMPS
300 ## - PHYSICAL DESCRIPTION
Extent 189p
942 ## - ADDED ENTRY ELEMENTS (KOHA)
Source of classification or shelving scheme Library of Congress Classification
Koha item type Books
Suppress in OPAC No
999 ## -
-- 6659
-- 6659
Holdings
Withdrawn status Lost status Source of classification or shelving scheme Damaged status Not for loan Collection Home library Current library Shelving location Date acquired Total checkouts Full call number Barcode Date last seen Copy number Price effective from Koha item type
    Library of Congress Classification     Non-fiction Undergraduate Library (Christ Temple) Undergraduate Library (Christ Temple) General stacks 06/25/2025   BS195 NEW ulct00003489 06/25/2025 1 06/25/2025 Books
© 2023-2024 Copyright: Central University Libraries. All Rights Reserved | Created by: Mahone Tech Office